01126 2200253 4500001002100000005001500021035002000036007000300056008004100059020002200100082001100122084001700133100002800150245010500178250000600283260004200289300002800331700003100359700003000390650002600420520034400446500006500790990001700855INLIS00000000000161120260430094550 a0010-1123000242ta260430 c 0 ind  a978-623-216-843-3 a612.87 a612.87 RUT s0 aRuth Owen ( Pengarang )1 aSaat Aku Makan :bAll about my body /cRuth Owen ; editor, Mark J. Sancher ; alih bahasa, Andi Wahyu a- aJakarta :bBhuana Ilmu populer,c2020 a22 :bilus. ;c24 cme-0 aMark J. Sancher ( Editor )0 aAndi Wahyu ( Penerjemah ) 4aANATOMI TUBUH MANUSIA aSetiap hari kamu memakan banyak makanan. Apa yang terjadi dengan makanan yang kamu telan ke dalam tubuhmu? Bagaimana semua makanan itu diolah hingga kamu bisa menjadi kuat? Pertanyaan-pertanyaan ini akan dijawab secara singkat dan jelas di dalam buku All About My Body: Saat Aku Makan. Yuk, cari tahu fakta menarik lainnya tentang tubuhmu! aJudul asli : My Body Inside Out - What Happanes When I Sleep a00171/K/2022